| 000 | 00587nam a2200241 a 4500 | ||
|---|---|---|---|
| 001 | nice12345678 | ||
| 003 | IN_TiNIC | ||
| 005 | 20260116012411.0 | ||
| 008 | 050524s1975 leia grp 000 0 eng | ||
| 020 |
_a _c100 |
||
| 082 | 0 | 0 |
_a305.6945097 _bTHU |
| 100 | _aThursby, G R | ||
| 245 | _aHindu-Muslim Relations in British India | ||
| 260 |
_aLeiden _bE. J. Brill _c1975 |
||
| 300 | _a194p | ||
| 500 | _aincludes index and biblioraphy | ||
| 505 | 2 | _aIndex | |
| 650 | _aIslam-Relations Hinduism | ||
| 700 | 1 | _aThursby, G R | |
| 902 | _bSRS | ||
| 942 | _cBK | ||
| 999 |
_c6870 _d6870 |
||